Dolmen de Ca l'Arenes /
Publicado:
Barcelona :
Diputació de Barcelona. Àrea d'Espais Naturals. Xarxa de Parcs Naturals ,
2010
Descripción Física:
1 f. plegat en 5 parts : il. col. ; 21 cm
Colección:
Itineraris senyalitzats
; SL-C 80
Materias:
Parc del Montnegre i el Corredor (Catalunya) -- Circuits turístics
; Excursionisme -- Parc del Montnegre i el Corredor
Idioma:
Catalán
MARC
| LEADER | 00000nam a2200000Ia 4500 | ||
|---|---|---|---|
| 001 | 23008 | ||
| 003 | Arxiu | ||
| 005 | 20260324175740.0 | ||
| 008 | 220610s2010 spaa|||| ||||s00| 0 cat c | ||
| 040 | |a AGDB | ||
| 080 | |a FU-59-11 | ||
| 110 | |a Parc del Montnegre i el Corredor (Catalunya) |9 10204 | ||
| 245 | 1 | 0 | |a Dolmen de Ca l'Arenes / |c Parc del Montnegre i el Corredor |
| 260 | |a Barcelona : |b Diputació de Barcelona. Àrea d'Espais Naturals. Xarxa de Parcs Naturals, |c 2010 | ||
| 300 | |a 1 f. plegat en 5 parts : |b il. col. ; |c 21 cm | ||
| 490 | 1 | |a Excursions senyalitzades ; |v SL-C 80 | |
| 610 | 1 | 0 | |a Parc del Montnegre i el Corredor (Catalunya) |x Circuits turístics |9 52714 |
| 650 | |a Excursionisme |x Parc del Montnegre i el Corredor |9 39871 | ||
| 710 | 1 | |a Barcelona (Catalunya : Província). |b Xarxa de Parcs Naturals |9 7250 | |
| 710 | |a Barcelona (Catalunya : Província). |b Àrea d'Espais Naturals |9 9050 | ||
| 830 | 0 | |9 55975 |a Itineraris senyalitzats |v SL-C 80 | |
| 901 | |a Arxiu | ||
| 942 | |n 1 |2 udc | ||
| 952 | |0 0 |1 0 |4 0 |6 FU5911 |7 1 |9 49288 |a Arxiu |b Arxiu |d 2016-12-01 |l 0 |o FU-59-11 |p 23008 |r 2016-12-01 00:00:00 |w 2016-12-01 |y ARXIU | ||
| 999 | |c 53130 |d 53130 | ||